00405nam a2200157Ia 4500008004100000082001000041100003300051245002400084260004800108300000800156365000700164520001400171630002400185650001400209730002400223100917s9999 xx 000 0 und d b45591 aभावे पु. भा. aवाघ नखे bपरिमल प्रकाशनc1981 a198 b20 aकथा aवाघ नखे aकथा aवाघ नखे